| 000 | 01659cam a2200433 i 4500 | ||
|---|---|---|---|
| 001 | on1341355751 | ||
| 003 | OCoLC | ||
| 005 | 20250108161858.0 | ||
| 008 | 220818t20222022nyu e 000 1 eng d | ||
| 020 |
_a9781250792433 _q(paperback) |
||
| 020 |
_a1250792436 _q(paperback) |
||
| 035 | _a(OCoLC)1341355751 | ||
| 035 | _a1748330 | ||
| 040 |
_aNjBwBT _beng _erda _cT7B _dT7B _dGL4 _dOCLCQ _dDAD |
||
| 043 | _an-us-wi | ||
| 092 |
_aadult fiction _bQuigley |
||
| 100 | 1 |
_aQuigley, Mindy, _eauthor. _96482037 |
|
| 245 | 1 | 0 |
_aSix feet deep dish / _cMindy Quigley. |
| 246 | 3 | _a6 feet deep dish. | |
| 250 | _aSt. Martin's paperbacks edition. | ||
| 264 | 1 |
_aNew York, NY : _bSt. Martin's Paperbacks, _c2022. |
|
| 264 | 4 | _c©2022. | |
| 300 |
_avi, 308 pages ; _c18 cm. |
||
| 336 | _atext | ||
| 337 | _aunmediated | ||
| 338 | _avolume | ||
| 490 | 1 |
_aDeep dish mysteries ; _v1. |
|
| 500 | _aIncludes recipes. | ||
| 520 | _aWhen, right before opening her new gourmet deep-dish pizzeria in Geneva Bay, Wisconsin, Delilah O'Leary is dumped by her fiancé and her aunt is accused of murder, she must save her pie-in-the-sky ambitions before they can even get off the ground. | ||
| 650 | 0 |
_aPizzerias _vFiction. _96407146 |
|
| 650 | 0 |
_aMurder _xInvestigation _vFiction. _95673630 |
|
| 650 | 0 |
_aAunts _vFiction. _95689053 |
|
| 650 | 0 |
_aTabby cats _vFiction. _96536982 |
|
| 651 | 0 |
_aWisconsin _vFiction. _95697805 |
|
| 655 | 7 |
_aDetective and mystery fiction. _2lcgft. _95683641 |
|
| 655 | 7 |
_aCozy mysteries. _2lcgft. _95812499 |
|
| 800 | 1 |
_aQuigley, Mindy. _tDeep dish mystery ; _v1. _96482038 |
|
| 942 |
_2ddc _cBOOK |
||
| 999 |
_c403436 _d403436 |
||